Important parts of the ultrastructure of the chloroplast - Statistics

General Stats
  • This quiz has been taken 19 times
  • The average score is 4 of 12
Answer Stats
Hint Answer % Correct
8 Thylakoid
91%
4 Stroma
64%
3 Inner membrane
55%
1 Outer membrane
55%
7 Granum
45%
10 Ribosome
27%
2 Inter-membrane space
18%
5 Thylakoid lumen
18%
12 Plastoglobule
9%
9 Starch
9%
11 Plastidial DNA
0%
6 Thylakoid membrane
0%
No matching quizzes found
Score Distribution
Percent of People with Each Score
Percentile by Number Answered
Your Score History
You have not taken this quiz